000 00419nam a2200157Ia 4500
008 210719s2004 xx 000 0 und d
041 _aeng
082 _a001.64 SHEH
100 _aSHETTY (Anoop)
245 _aHotel management system.
260 _aMangalore
_bDepartment of Business Managament St Aloysius College
_c2004
300 _a84
_bHB
365 _cRs
650 _aProject Reports
906 _aBCA Project
999 _c213898
_d213898